Southville International School and Colleges
Your cart is empty.
  • Cart
  • Lists
    Public lists Eva Luna New books Lux_list list_1
    Your lists Log in to create your own lists
  • Log in to your account
  • Your cookies
  • Search history
Southville International School and Colleges
  • Advanced search
  • Recent comments
  • Most popular
  • Libraries

Log in to your account

Log in with GOOGLE


If you do not have an external account, but do have a local account, you can still log in:

  1. Home
  2. MARC view: Business policy in an asian content :
Normal view MARC view ISBD view

Business policy in an asian content : (Record no. 14772)

[ view plain ]
MARC details
000 -LEADER
fixed length control field 00648nam a2200205 a 4500
003 - CONTROL NUMBER IDENTIFIER
control field PILC
005 - DATE AND TIME OF LATEST TRANSACTION
control field 20150112093441.0
008 - FIXED-LENGTH DATA ELEMENTS--GENERAL INFORMATION
fixed length control field 100727s19uu xx 00 eng d
020 ## - INTERNATIONAL STANDARD BOOK NUMBER
International Standard Book Number 9715540680
050 ## - LIBRARY OF CONGRESS CALL NUMBER
Classification number HF 5351
Item number .So714 1989
082 ## - DEWEY DECIMAL CLASSIFICATION NUMBER
Classification number SFf 658.4
Item number So6 1989
100 ## - MAIN ENTRY--PERSONAL NAME
Personal name Soriano, Emanuel V.
9 (RLIN) 19425
245 ## - TITLE STATEMENT
Title Business policy in an asian content :
Remainder of title Text and cases /
Statement of responsibility, etc Emanuel V. Soriano and Lee C. Nehrt
250 ## - EDITION STATEMENT
Edition statement 3d ed.
260 ## - PUBLICATION, DISTRIBUTION, ETC. (IMPRINT)
Place of publication, distribution, etc Manila, Philippines :
Name of publisher, distributor, etc Sinag-tala Publishers, Inc,
Date of publication, distribution, etc 1989.
300 ## - PHYSICAL DESCRIPTION
Extent 594 pages :
Dimensions 19 cm.
650 ## - SUBJECT ADDED ENTRY--TOPICAL TERM
Topical term or geographic name as entry element Business policy - Asia
9 (RLIN) 19426
700 ## - ADDED ENTRY--PERSONAL NAME
Personal name Nehrt, Lee C.
9 (RLIN) 19427
942 ## - ADDED ENTRY ELEMENTS (KOHA)
Source of classification or shelving scheme Library of Congress Classification
Koha item type Books
Holdings
Withdrawn status Lost status Source of classification or shelving scheme Damaged status Home library Current library Shelving location Date acquired Total Checkouts Full call number Barcode Date last seen Copy number Price effective from Koha item type
    Library of Congress Classification   Southville International School Affiliated with Foreign Universities Library Southville International School Affiliated with Foreign Universities Library Southville Foreign University Section 09/13/2013   HF 5351 .So714 1989 SFU1380 05/15/2018 1 09/13/2013 Books

Business policy in an asian content :

APA

Soriano E. V., Nehrt L. C., . (1989). Business policy in an asian content. Manila, Philippines: Sinag-tala Publishers, Inc.

Chicago

Soriano Emanuel V, Nehrt Lee C, . 1989. Business policy in an asian content. Manila, Philippines: Sinag-tala Publishers, Inc.

Harvard

Soriano E. V., Nehrt L. C., . (1989). Business policy in an asian content. Manila, Philippines: Sinag-tala Publishers, Inc.

MLA

Soriano Emanuel V, Nehrt Lee C, . Business policy in an asian content. Manila, Philippines: Sinag-tala Publishers, Inc. 1989.

  • Place hold
  • Print
  • Cite
  • Add to your cart (remove)
  • Save record
    BIBTEX Dublin Core MARCXML MARC (non-Unicode/MARC-8) MARC (Unicode/UTF-8) MARC (Unicode/UTF-8, Standard) MODS (XML) RIS
  • More searches
    Search for this title in:
    Other Libraries (WorldCat) Other Databases (Google Scholar) Online Stores (Bookfinder.com) Open Library (openlibrary.org)

Exporting to Dublin Core...

SOUTHVILLE LIBRARY

Southville International School and Colleges Library

1281 Tropical Ave. Cor. Luxembourg St., BF Homes International, Las Pinas City

Tel. No. 8256374 / 252358 Loc. 117/146

Powered by Koha